Implementácia centralizovanej SD-WAN do existujúcej siete

Saved in:
Bibliographic Details
Main Author: Koštial, Jakub (Author)
Other Authors: Páleník, Tomáš (Thesis advisor)
Format: Manuscript Book
Language:Slovak
Published: Bratislava : STU v Bratislave FEI, 2021
Subjects:
Online Access:https://opac.crzp.sk/?fn=detailBiblioForm&sid=7E417B54B864B7C45826FE4635AB&seo=CRZP-detail-kniha
Tags: Add Tag
No Tags, Be the first to tag this record!

MARC

LEADER 00000ntm a22000003a 4500
001 stuzp82420
003 SK-STU
005 20211130104956.9
007 ta
008 150427s2015----xo-----f-mn---000-0-slo-d
040 |a STU  |b slo 
041 0 |a slo 
044 |a xo 
100 1 |a Koštial, Jakub  |u 037000  |4 aut  |U FEI Fakulta elektrotechniky a informatiky  |T FEI Ústav multimediálnych informačných a komunikačných technológií  |X 86882  |U E070  |Y 818  |7 86882 
242 0 1 |a Implementation of a centralized SD-WAN into existing network  |y eng 
245 1 0 |a Implementácia centralizovanej SD-WAN do existujúcej siete 
260 |a Bratislava :  |b STU v Bratislave FEI,  |c 2021 
300 |a 73 s. 
650 4 |a IPsec VPN  |2 slo 
650 4 |a SD-WAN  |2 slo 
650 4 |a Panorama  |2 slo 
650 4 |a Palo Alto Networks  |2 slo 
650 4 |a voľba cesty  |2 slo 
650 4 |a agregácia liniek  |2 slo 
650 4 |a SD-WAN  |2 eng 
650 4 |a Panorama  |2 eng 
650 4 |a Palo Alto Networks  |2 eng 
650 4 |a path selection  |2 eng 
650 4 |a link aggregation  |2 eng 
650 4 |a IPsec VPN  |2 eng 
700 1 |a Páleník, Tomáš  |u 037000  |k Z1  |4 ths  |U FEI Fakulta elektrotechniky a informatiky  |T FEI Ústav multimediálnych informačných a komunikačných technológií  |X 19622  |U E070  |Y 818  |7 A000019622 
856 4 |u https://opac.crzp.sk/?fn=detailBiblioForm&sid=7E417B54B864B7C45826FE4635AB&seo=CRZP-detail-kniha